País rifeño (Record no. 130078)

MARC details
000 -LEADER
campo de control de longitud fija 00727nam a22002171 4500
001 - NÚMERO DE CONTROL
campo de control 130078
003 - IDENTIFICADOR DE NÚMERO DE CONTROL
campo de control ES-MaACL
005 - FECHA Y HORA DE LA ÚLTIMA TRANSACCIÓN
campo de control 20250827034815.0
007 - CAMPO FIJO DE DESCRIPCIÓN FÍSICA--INFORMACIÓN GENERAL
campo de control de longitud fija t|
008 - DATOS DE LONGITUD FIJA--INFORMACIÓN GENERAL
campo de control de longitud fija 180707s1927 sp ||||0| spa d
016 7# - NÚMERO DE CONTROL DE UNA AGENCIA BIBLIOGRÁFICA NACIONAL
Número de control cancelado/no válido IND9900846320
-- BNE19995236309
-- IND9600673525
040 ## - FUENTE DE CATALOGACIÓN
Centro catalogador/agencia de origen M-BN
Lengua de catalogación spa
Centro/agencia transcriptor CDM
080 ## - NÚMERO DE LA CLASIFICACIÓN DECIMAL UNIVERSAL
Número de la Clasificación Decimal Universal 913(236.11)
110 2# - ENTRADA PRINCIPAL--NOMBRE DE ENTIDAD CORPORATIVA
Nombre de entidad corporativa o nombre de jurisdicción como elemento de entrada Sociedad Excursionista Melillense
9 (RLIN) 6767
245 10 - MENCIÓN DEL TÍTULO
Título País rifeño
Resto del título : notas de excursionismo /
Mención de responsabilidad, etc. Sociedad Excursionista Melillense.
260 ## - PUBLICACIÓN, DISTRIBUCIÓN, ETC.
Lugar de publicación, distribución, etc. [Melilla :
Nombre del editor, distribuidor, etc. s.n,
Fecha de publicación, distribución, etc. 1927] (
Fabricante Artes Gráf. Postal Exprés)
300 ## - DESCRIPCIÓN FÍSICA
Extensión 49 p., [10] h. de fot :
Otras características físicas il ;
Dimensiones 22 cm.
651 #4 - PUNTO DE ACCESO ADICIONAL DE MATERIA--NOMBRE GEOGRÁFICO
Nombre geográfico Rif (Marruecos, Macizo)-
Subdivisión general Descripción.
9 (RLIN) 9310
852 ## - LOCALIZACIÓN
Ubicación ES-MaACL
Número de control de estantería G-14136
Holdings
Estatus retirado Estado de pérdida Estado de daño No para préstamo Biblioteca de origen Biblioteca actual Ubicación en estantería Fecha de adquisición Fuente de adquisición Total de préstamos Signatura topográfica completa Código de barras Visto por última vez Precio de reemplazo Tipo de ítem Koha
        Biblioteca del Ateneo de Madrid Biblioteca del Ateneo de Madrid Sala Pecera Planta 3 17/01/2008     G-14136 1135445 23/02/2023 23/02/2023 Libro impreso